Instructor´s Guide for college chemistry and General Chemistry

Bibliographic Details
Main Author: Griswold, Norman E
Format: Section = Libro
Language:Undetermined
Spanish
Published: Unites States D.C. Heath and Company 1984
Edition:7a.ed.
Subjects:
LEADER 00494nam a2200181Ia 4500
008 240830s9999 xx 000 0 und d
040 |a CEDOC FIQ-RUSB / 540 G871 
041 |a spa 
082 |a 540 G871 
100 1 |a Griswold, Norman E 
245 1 0 |a Instructor´s Guide for college chemistry and General Chemistry 
250 |a 7a.ed. 
260 |a Unites States  |b D.C. Heath and Company  |c 1984 
300 |a 221 p.: il. 
650 7 |a QUÍMICA GENERAL 
942 |c BK  |2 ddc 
991 |a TEXTO 
999 |c 13896